Derecho ejecutivo penal : análisis de la aplicación de la pena en México /

Estudio de las directrices del derecho penal en el Distrito Federal con que se ha tratado de frenar el acelerado crecimiento de la delincuencia. Se cuestiona si, ante el aumento de la inseguridad pública, la mejor respuesta es el endurecido las penalidades impuestas y la reclasificación de los delit...

Celý popis

Uloženo v:
Podrobná bibliografie
Hlavní autor: García García, Guadalupe Leticia (autor)
Další autoři: Ruiz Harrell, Rafael (pról.) (pról.)
Médium: Kniha
Jazyk:španělština
Vydáno: México : Porrúa, 2005, c2005
Témata:
Tagy: Přidat tag
Žádné tagy, Buďte první, kdo vytvoří štítek k tomuto záznamu!

MARC

LEADER 00000nam^a2200000^a^4500
001 000297003
005 20250521000000.0
009 20260310112324.702
020 |a 970-07-5696-3 
037 |a Acervo ITESO - Biblioteca 
041 |a ESP 
082 |a 345. 72530772  |b GAR 
100 |a García García, Guadalupe Leticia  |e (autor) 
245 1 0 |a Derecho ejecutivo penal :  |b análisis de la aplicación de la pena en México /  |c G.L. García García ; pról. de R. Ruiz Harrell. 
264 4 |a México :  |b Porrúa,  |c 2005, c2005 
300 |a XVI, 295 p. 
336 |a texto  |b txt  |2 rdacontenido 
337 |a sin mediación  |b n  |2 rdamedio 
338 |a volumen  |b nc  |2 rdasoporte 
520 |a Estudio de las directrices del derecho penal en el Distrito Federal con que se ha tratado de frenar el acelerado crecimiento de la delincuencia. Se cuestiona si, ante el aumento de la inseguridad pública, la mejor respuesta es el endurecido las penalidades impuestas y la reclasificación de los delitos. 
649 |a XX 
650 |a Delitos -  |z México (D.F.) -  |x Prevención -  |x Tema Principal 
650 |a Seguridad Pública -  |z México (D.F.) 
650 |a Criminalidad -  |z México (D.F.) 
650 |a Pena de Prisión -  |z México (D.F.) 
650 |a Pena (Derecho) -  |z México (D.F.) -  |x Tema Principal 
650 |a Política Criminológica -  |z México (D.F.) 
650 |a Derecho Penal -  |z México (D.F.) 
650 |a Derecho Penal -  |z México 
650 |a Derecho Público -  |z México (D.F.) 
650 |a Derecho Público -  |z México 
700 |a Ruiz Harrell, Rafael  |e (pról.) 
910 |a Fondo General 
920 |a Impresos - Libros 
930 |a Colección General 
905 |a 101 
901 |a 0500182700  |b IT1  |c ACC  |i C121092  |u 20250521 
902 |a https://opac.biblio.iteso.mx/vufind/Record/000297003